| 000 | 00781nam a22001937a 4500 | ||
|---|---|---|---|
| 999 |
_c188321 _d188321 |
||
| 005 | 20220518163330.0 | ||
| 010 | _aUR-11564 | ||
| 020 |
_c150.00 _a9788194178392 |
||
| 035 | _aU-10119 | ||
| 037 |
_bDBAD/PUB _a- |
||
| 082 |
_a921.270 _2Ist |
||
| 100 | _aمحمد غضنفر علی قر يشی قا ر ی | ||
| 245 |
_aتز کر ہ ء سر ا ج ا لمجز و بين _c محمد غضنفر علی قر يشی قا د ر ی _hا ر د و |
||
| 246 |
_bTazkira-e-Siraj-Ul Majzoobeen (Urdu) _aby Mohd.Ghazanfar Ali Qureshi Qadri |
||
| 260 |
_aTilangana _bAl-Ansar Publications _c2000 ء |
||
| 270 |
_a# 18-8-253/36/A,Jamal Colony,Riyasat Nagar, _bHyderabad _e500059 _k09391301192 _l- |
||
| 300 |
_a145 ص _c22 Cm(Hb) |
||
| 942 |
_2ddc _cUR _h921.270 _mب ر ہ |
||